[Event "Dortmund Sparkassen op 47th"]
[Site "Dortmund"]
[Date "2019.07.16"]
[Round "4"]
[White "Atali, Dodukan"]
[Black "Klueting, Reiner"]
[Result "1-0"]
[WhiteElo "1734"]
[BlackElo "1973"]
[PlyCount "77"]
[EventDate "2019.07.13"]
[EventType "swiss"]
[EventRounds "9"]
[EventCountry "GER"]
[SourceTitle "EXT 2020"]
[Source "ChessBase"]
[SourceDate "2019.10.17"]
[SourceVersion "1"]
[SourceVersionDate "2019.10.17"]
[SourceQuality "1"]

1. e4 Nf6 2. e5 Nd5 3. d4 d6 4. c4 Nb6 5. exd6 exd6 6. Nc3 Nc6 7. h3 Be7 8. Nf3 Bf5 9. Bd3 Qd7 10. Be3 Nb4 11. Bxf5 Qxf5 12. 0-0 0-0 13. b3 c6 14. Qd2 Qc2 15. Rad1 Qxd2 16. Rxd2 d5 17. c5 Nd7 18. a3 Na6 19. Bf4 Rac8 20. Re1 Bf6 21. b4 Nc7 22. Nd1 Ne6 23. Bd6 Rfd8 24. Ne3 Ng5 25. Nxg5 Bxg5 26. f4 Bh4 27. Ree2 g6 28. Ng4 h5 29. Nh2 Re8 30. g4 Rxe2 31. Rxe2 Bf6 32. Nf3 hxg4 33. hxg4 Nf8 34. g5 Bg7 35. Re7 b5 36. Ne5 Bxe5 37. Bxe5 a5 38. bxa5 Ra8 39. Rc7 1-0

[Event "Werther Schloss op 24th"]
[Site "Werther"]
[Date "2018.03.24"]
[Round "5"]
[White "Boe, Mads"]
[Black "Klueting, Reiner"]
[Result "1-0"]
[WhiteElo "2290"]
[BlackElo "1922"]
[PlyCount "87"]
[EventDate "2018.03.22"]
[EventType "swiss"]
[EventRounds "7"]
[EventCountry "GER"]
[SourceTitle "CBM 183 Extra"]
[Source "ChessBase"]
[SourceDate "2018.04.19"]
[SourceVersion "1"]
[SourceVersionDate "2018.04.19"]
[SourceQuality "1"]

1. d4 Nf6 2. Nf3 d5 3. Bg5 c6 4. Bxf6 exf6 5. e3 Be7 6. Bd3 f5 7. 0-0 Be6 8. Qe2 0-0 9. c4 g6 10. Nc3 Nd7 11. cxd5 cxd5 12. Rac1 Rc8 13. Bc2 Qa5 14. Bb3 Rfd8 15. Rc2 Nb6 16. Rfc1 Bf6 17. Qe1 Kg7 18. Ne2 Qxe1+ 19. Nxe1 g5 20. Nd3 Rxc2 21. Rxc2 Nc4 22. h4 h6 23. hxg5 hxg5 24. a4 b6 25. Nb4 Na5 26. Ba2 Be7 27. Nd3 Nc4 28. b3 Na5 29. Rc7 Rd7 30. Rxd7 Bxd7 31. Nc3 Be6 32. Nb5 Nc6 33. Bb1 Kf6 34. g3 a5 35. Kf1 Nb4 36. Ne5 Bc8 37. Ke1 Ke6 38. Kd2 f6 39. Nc7+ Kd6 40. Nb5+ Ke6 41. Nc7+ Kd6 42. Ne8+ Ke6 43. Bxf5+ Kxf5 44. Ng7+ 1-0

[Event "Werther Schloss op 24th"]
[Site "Werther"]
[Date "2018.03.24"]
[Round "4"]
[White "Klueting, Reiner"]
[Black "Zieher, Hartmut"]
[Result "1-0"]
[WhiteElo "1922"]
[BlackElo "2230"]
[PlyCount "75"]
[EventDate "2018.03.22"]
[EventType "swiss"]
[EventRounds "7"]
[EventCountry "GER"]
[SourceTitle "CBM 183 Extra"]
[Source "ChessBase"]
[SourceDate "2018.04.19"]
[SourceVersion "1"]
[SourceVersionDate "2018.04.19"]
[SourceQuality "1"]

1. e4 e5 2. Nc3 Nf6 3. Bc4 Nc6 4. Nf3 Nxe4 5. Nxe4 d5 6. Bd3 dxe4 7. Bxe4 Bd6 8. c3 0-0 9. 0-0 f5 10. Bxc6 bxc6 11. Qb3+ Kh8 12. d4 e4 13. Ne5 Qe8 14. f4 c5 15. Be3 cxd4 16. cxd4 Be6 17. Qc2 Qb5 18. b3 a5 19. Nc4 Be7 20. Nb2 Rfc8 21. Na4 Ra6 22. Nc5 Rc6 23. Rac1 Bd5 24. Qf2 Rh6 25. Rc2 Qe8 26. Qe2 Bc6 27. Rfc1 Bb5 28. Qd1 Ra8 29. d5 Qb8 30. Ne6 Ba3 31. Bd4 Rg6 32. Rxc7 Bxc1 33. Qxc1 e3 34. Nxg7 e2 35. Nxf5+ Kg8 36. Ne7+ Kf8 37. Nxg6+ hxg6 38. Qc5+ 1-0

[Event "Ruhrgebiet Regionalliga 1617"]
[Site "Germany"]
[Date "2017.01.15"]
[Round "5.7"]
[White "Klueting, Reiner"]
[Black "Kuipers, Dustin"]
[Result "1/2-1/2"]
[WhiteElo "1869"]
[BlackElo "1969"]
[PlyCount "80"]
[EventDate "2016.09.11"]
[EventType "team-tourn"]
[EventRounds "9"]
[EventCountry "GER"]
[SourceTitle "EXT 2022"]
[Source "ChessBase"]
[SourceDate "2021.10.06"]
[SourceVersion "1"]
[SourceVersionDate "2021.10.06"]
[SourceQuality "1"]
[WhiteTeam "Wattenscheid SV II"]
[BlackTeam "Muelheim Nord III"]
[WhiteTeamCountry "GER"]
[BlackTeamCountry "GER"]

1. e4 c5 2. Nf3 Nc6 3. Bb5 Nf6 4. Bxc6 dxc6 5. d3 Bg4 6. h3 Bxf3 7. Qxf3 Nd7 8. 0-0 g6 9. Bd2 Bg7 10. Bc3 e5 11. Nd2 b5 12. b3 Nf8 13. Qg3 Qc7 14. Nf3 f6 15. d4 cxd4 16. Nxd4 Rc8 17. Ne2 Ne6 18. Qg4 Qe7 19. Kh1 0-0 20. f4 f5 21. exf5 gxf5 22. Qg3 e4 23. Rad1 Rcd8 24. Nd4 Nxd4 25. Bxd4 Rd5 26. c4 bxc4 27. bxc4 Ra5 28. Bxg7 Qxg7 29. Qb3 Kh8 30. a4 Rg8 31. Rf2 c5 32. Rd5 Ra6 33. Rxf5 Rb6 34. Qa2 Qc3 35. Rg5 Rd8 36. Rc2 Qe1+ 37. Kh2 Rb1 38. Re2 Qg1+ 39. Kg3 Rd3+ 40. Kh4 e3 1/2-1/2

[Event "Dortmund Sparkassen op-A 44th"]
[Site "Dortmund"]
[Date "2016.07.17"]
[Round "9"]
[White "Klueting, Reiner"]
[Black "Busche, Klaus"]
[Result "0-1"]
[WhiteElo "1907"]
[BlackElo "2033"]
[PlyCount "58"]
[EventDate "2016.07.09"]
[EventType "swiss"]
[EventRounds "9"]
[EventCountry "GER"]
[SourceTitle "CBM 173 Extra"]
[Source "ChessBase"]
[SourceDate "2016.08.29"]
[SourceVersion "1"]
[SourceVersionDate "2016.08.29"]
[SourceQuality "1"]

1. Nf3 d5 2. b3 Bg4 3. Bb2 Nd7 4. d4 e6 5. Nbd2 Ngf6 6. g3 Be7 7. Bg2 h6 8. 0-0 0-0 9. Ne5 Bf5 10. f3 c5 11. e4 Bh7 12. Nxd7 Qxd7 13. e5 Ne8 14. f4 Nc7 15. c3 cxd4 16. cxd4 Rac8 17. Rc1 Na6 18. Rf3 Nb4 19. Bf1 Rxc1 20. Qxc1 Rc8 21. Rc3 Rxc3 22. Qxc3 Nxa2 23. Qa5 Nb4 24. Qxa7 Bf5 25. Qa4 Qc8 26. Ba3 Qc3 27. Qe8+ Kh7 28. Qxe7 Qe3+ 29. Kh1 Qxd2 0-1

[Event "Dortmund Sparkassen op-A 44th"]
[Site "Dortmund"]
[Date "2016.07.16"]
[Round "8"]
[White "Knudsen, Martin"]
[Black "Klueting, Reiner"]
[Result "1-0"]
[WhiteElo "2018"]
[BlackElo "1907"]
[PlyCount "171"]
[EventDate "2016.07.09"]
[EventType "swiss"]
[EventRounds "9"]
[EventCountry "GER"]
[SourceTitle "CBM 173 Extra"]
[Source "ChessBase"]
[SourceDate "2016.08.29"]
[SourceVersion "1"]
[SourceVersionDate "2016.08.29"]
[SourceQuality "1"]

1. d4 Nf6 2. c4 e5 3. dxe5 Ng4 4. Nf3 Bc5 5. e3 Nc6 6. Be2 0-0 7. Bd2 a5 8. 0-0 Re8 9. Qe1 b6 10. Nc3 Bb7 11. a3 Ncxe5 12. Nxe5 Nxe5 13. Nd5 Bd6 14. g3 c6 15. Nf4 Qe7 16. Bc3 Ba6 17. b3 a4 18. Qd1 f6 19. Bb4 Bxb4 20. axb4 axb3 21. b5 Bb7 22. bxc6 Rxa1 23. Qxa1 Bxc6 24. Qc3 Nf3+ 25. Bxf3 Bxf3 26. Qxb3 Qf7 27. Rc1 g5 28. Nd3 Qe6 29. Ne1 Ba8 30. Qd3 Kg7 31. Qd4 h5 32. Rb1 Qc6 33. f3 Qc5 34. Qxc5 bxc5 35. Kf2 Rc8 36. Nd3 d5 37. Rc1 dxc4 38. Rxc4 Rd8 39. Nc1 Rc8 40. e4 g4 41. fxg4 hxg4 42. Ke3 Rh8 43. Nd3 Rxh2 44. Kf4 Kg6 45. Kxg4 Ra2 46. Kf4 Rd2 47. Nxc5 Rf2+ 48. Ke3 Rg2 49. Kf3 Ra2 50. Ke3 Rg2 51. Kf3 Ra2 52. g4 Ra1 53. Ne6 Rf1+ 54. Ke3 Re1+ 55. Kd3 Rd1+ 56. Ke2 Rg1 57. Nf4+ Kh6 58. Kf3 Rf1+ 59. Kg3 Re1 60. Nd5 Rg1+ 61. Kf3 Kg6 62. Ne3 Ra1 63. Rb4 Ra3 64. Kf4 Ra2 65. Rd4 Kf7 66. Rb4 Rf2+ 67. Kg3 Re2 68. Kf3 Ra2 69. Nd5 Ra5 70. Nc7 Bc6 71. Rc4 Bb7 72. Rb4 Bc6 73. Rd4 Ra7 74. Nd5 Ra5 75. Kf4 Ra1 76. Rc4 Rf1+ 77. Ke3 Bb5 78. Rc7+ Kg6 79. Nf4+ Kg5 80. Rg7+ Kh4 81. Nd5 Bc6 82. Kd4 Rd1+ 83. Kc5 Rc1+ 84. Kd6 Rc4 85. Rf7 Kxg4 86. Ne3+ 1-0

[Event "Ruhrgebiet Verbandsliga Gruppe 2 1516"]
[Site "Germany"]
[Date "2015.09.20"]
[Round "2"]
[White "Klueting, Reiner"]
[Black "Roth, Markus"]
[Result "0-1"]
[WhiteElo "1936"]
[BlackElo "2130"]
[PlyCount "42"]
[EventDate "2015.09.06"]
[EventType "team-tourn"]
[EventRounds "9"]
[EventCountry "GER"]
[SourceTitle "EXT 2022"]
[Source "ChessBase"]
[SourceDate "2021.10.06"]
[SourceVersion "1"]
[SourceVersionDate "2021.10.06"]
[SourceQuality "1"]
[WhiteTeam "Wattenscheid SV III"]
[BlackTeam "Essen Werden"]
[WhiteTeamCountry "GER"]
[BlackTeamCountry "GER"]

1. e4 e6 2. b3 d5 3. Bb2 dxe4 4. Nc3 Nf6 5. Qe2 Be7 6. Nxe4 Bd7 7. 0-0-0 a5 8. a4 Nxe4 9. Qxe4 Bf6 10. d4 Bc6 11. Bb5 Bxb5 12. axb5 0-0 13. d5 Bxb2+ 14. Kxb2 Qf6+ 15. Qd4 e5 16. Qe4 Nd7 17. Qf3 Qe7 18. d6 cxd6 19. Qxb7 a4 20. Qd5 axb3 21. cxb3 Nf6 0-1

[Event "Dortmund Sparkassen op-A"]
[Site "Dortmund"]
[Date "2015.06.29"]
[Round "3"]
[White "Steinle, Carsten"]
[Black "Klueting, Reiner"]
[Result "1-0"]
[WhiteElo "2174"]
[BlackElo "2013"]
[PlyCount "75"]
[EventDate "2015.06.27"]
[EventType "swiss"]
[EventRounds "9"]
[EventCountry "GER"]
[SourceTitle "CBM 167 Extra"]
[Source "ChessBase"]
[SourceDate "2015.09.14"]
[SourceVersion "1"]
[SourceVersionDate "2015.09.14"]
[SourceQuality "1"]

1. b3 f5 2. Bb2 Nf6 3. f4 e6 4. Nf3 c5 5. e3 b6 6. Be2 Bb7 7. 0-0 Be7 8. Na3 0-0 9. Nc4 b5 10. Nce5 d6 11. Nd3 Qd7 12. c4 Bc6 13. Qc2 Na6 14. a3 Nc7 15. Rfd1 a5 16. Nde1 b4 17. a4 Qc8 18. d4 Ne4 19. Nd3 cxd4 20. Nxd4 Bb7 21. Bf3 Bf6 22. Rac1 g5 23. Ne2 g4 24. Bxe4 Bxe4 25. Ng3 Qb7 26. Bxf6 Rxf6 27. Nxe4 Qxe4 28. Qe2 Rd8 29. Nf2 Qb7 30. Rd4 Rf7 31. Rcd1 Qc6 32. e4 Na6 33. exf5 exf5 34. Rd5 Nc5 35. Qc2 Ne4 36. Nxe4 fxe4 37. Qxe4 Rdf8 38. Rg5+ 1-0

[Event "Dortmund Sparkassen op-A"]
[Site "Dortmund"]
[Date "2015.06.28"]
[Round "2"]
[White "Bomans, Arno"]
[Black "Klueting, Reiner"]
[Result "1-0"]
[WhiteElo "2269"]
[BlackElo "2013"]
[PlyCount "58"]
[EventDate "2015.06.27"]
[EventType "swiss"]
[EventRounds "9"]
[EventCountry "GER"]
[SourceTitle "CBM 167 Extra"]
[Source "ChessBase"]
[SourceDate "2015.09.14"]
[SourceVersion "1"]
[SourceVersionDate "2015.09.14"]
[SourceQuality "1"]

1. Nf3 d5 2. c4 c6 3. e3 Nf6 4. Nc3 Bf5 5. cxd5 cxd5 6. Qb3 Bc8 7. Bb5+ Nc6 8. Ne5 Bd7 9. d4 e6 10. Nxd7 Qxd7 11. 0-0 Be7 12. Rd1 0-0 13. Bd2 a6 14. Bxc6 bxc6 15. Na4 Rab8 16. Qd3 c5 17. Nxc5 Bxc5 18. dxc5 Rxb2 19. Bc3 Rb5 20. a4 Rb3 21. Qc2 Rfb8 22. Be5 R8b4 23. c6 Qc8 24. c7 Nd7 25. Rab1 Rxb1 26. Rxb1 a5 27. Rxb4 axb4 28. Bd6 Nb6 29. Qc5 Qa6 1-0

[Event "Ruhrgebiet Verbandsliga Gruppe 2 1415"]
[Site "Germany"]
[Date "2015.02.08"]
[Round "6"]
[White "Berger, Konstantin"]
[Black "Klueting, Reiner"]
[Result "1-0"]
[WhiteElo "1964"]
[BlackElo "1944"]
[PlyCount "123"]
[EventDate "2014.09.21"]
[EventType "team-tourn"]
[EventRounds "9"]
[EventCountry "GER"]
[SourceTitle "EXT 2022"]
[Source "ChessBase"]
[SourceDate "2021.10.06"]
[SourceVersion "1"]
[SourceVersionDate "2021.10.06"]
[SourceQuality "1"]
[WhiteTeam "Essen Werden"]
[BlackTeam "Wattenscheid SV III"]
[WhiteTeamCountry "GER"]
[BlackTeamCountry "GER"]

1. e4 Nf6 2. e5 Nd5 3. d4 d6 4. Nf3 Bg4 5. Be2 dxe5 6. Nxe5 Bxe2 7. Qxe2 c6 8. c4 Nf6 9. Nf3 e6 10. 0-0 Be7 11. Nc3 0-0 12. Bg5 Nbd7 13. Rfe1 Re8 14. Rad1 h6 15. Bh4 Qa5 16. Ne5 Rad8 17. Bg3 Bb4 18. Rd3 c5 19. a3 Bxc3 20. Rxc3 cxd4 21. Rd3 Nh5 22. Rxd4 Nxg3 23. hxg3 Nxe5 24. Rxd8 Rxd8 25. Qxe5 Qxe5 26. Rxe5 Rd1+ 27. Kh2 Rd2 28. Rb5 b6 29. f3 Rc2 30. b3 Kf8 31. a4 Rb2 32. c5 bxc5 33. Rxc5 Rxb3 34. Rc7 a5 35. Ra7 Ra3 36. Rxa5 Ke7 37. Ra7+ Kf6 38. a5 Ra2 39. g4 Ra4 40. a6 Kg6 41. Ra8 Kg5 42. Kg3 Ra3 43. a7 Kf6 44. Kf4 Ra4+ 45. Ke3 Ke5 46. g3 g6 47. Kd3 h5 48. gxh5 gxh5 49. Kc3 f5 50. Kd3 Ra3+ 51. Ke2 Ra2+ 52. Ke3 Ra3+ 53. Kf2 Ra2+ 54. Kf1 h4 55. f4+ Ke4 56. gxh4 Kf3 57. Ke1 Kxf4 58. h5 Ke3 59. Kd1 f4 60. h6 f3 61. h7 f2 62. Rf8 1-0

[Event "Werther Schloss op 20th"]
[Site "Werther"]
[Date "2014.04.11"]
[Round "2"]
[White "Hess, Christian"]
[Black "Klueting, Reiner"]
[Result "1-0"]
[WhiteElo "2240"]
[BlackElo "1996"]
[PlyCount "69"]
[EventDate "2014.04.10"]
[EventType "swiss"]
[EventRounds "7"]
[EventCountry "GER"]
[SourceTitle "CBM 159 Extra"]
[Source "ChessBase"]
[SourceDate "2014.04.24"]
[SourceVersion "1"]
[SourceVersionDate "2014.04.24"]
[SourceQuality "1"]

1. Nf3 Nf6 2. c4 c6 3. Nc3 d5 4. cxd5 cxd5 5. d4 Nc6 6. Bf4 Nh5 7. Be5 f6 8. Bg3 Nxg3 9. hxg3 e5 10. e3 Bb4 11. Rc1 Bg4 12. Be2 e4 13. Nd2 Bxe2 14. Qxe2 Bxc3 15. Rxc3 Qd7 16. Nb3 b6 17. Qh5+ Ke7 18. a3 Nd8 19. 0-0 g6 20. Qe2 Nf7 21. f3 Nd6 22. Nd2 f5 23. g4 Rac8 24. gxf5 gxf5 25. fxe4 dxe4 26. Qh5 Rxc3 27. bxc3 Qe6 28. c4 Qg6 29. Qh4+ Kd7 30. c5 Nf7 31. Qf4 bxc5 32. dxc5 Ke6 33. Nb3 Rd8 34. Nd4+ Rxd4 35. exd4 1-0

[Event "NRW Verbandsliga Group2 1314"]
[Site "Nordrheinwestfalen"]
[Date "2014.01.26"]
[Round "6.6"]
[White "Klueting, Reiner"]
[Black "Borger, Alexander"]
[Result "1/2-1/2"]
[WhiteElo "1918"]
[BlackElo "1941"]
[PlyCount "30"]
[EventDate "2013.09.08"]
[EventType "team-tourn"]
[EventRounds "9"]
[EventCountry "GER"]
[SourceTitle "EXT 2020"]
[Source "ChessBase"]
[SourceDate "2019.10.17"]
[SourceVersion "1"]
[SourceVersionDate "2019.10.17"]
[SourceQuality "1"]
[WhiteTeam "Wattenscheid SV IV"]
[BlackTeam "Rochade Steele/Kray"]
[WhiteTeamCountry "GER"]
[BlackTeamCountry "GER"]

1. e4 c5 2. Nf3 e6 3. Nc3 Nc6 4. Bb5 Qc7 5. 0-0 Be7 6. Re1 d6 7. d4 cxd4 8. Qxd4 Nf6 9. e5 dxe5 10. Nxe5 0-0 11. Nxc6 bxc6 12. Bf4 Qb7 13. Ba4 Rd8 14. Qc4 Bd7 15. Be5 Rac8 1/2-1/2

[Event "NRW Verbandsliga Group2 1314"]
[Site "Nordrheinwestfalen"]
[Date "2013.11.03"]
[Round "3"]
[White "Bryjak, Hans Guenther"]
[Black "Klueting, Reiner"]
[Result "1/2-1/2"]
[WhiteElo "1975"]
[BlackElo "1918"]
[PlyCount "130"]
[EventDate "2013.09.08"]
[EventType "team-tourn"]
[EventRounds "9"]
[EventCountry "GER"]
[SourceTitle "EXT 2020"]
[Source "ChessBase"]
[SourceDate "2019.10.17"]
[SourceVersion "1"]
[SourceVersionDate "2019.10.17"]
[SourceQuality "1"]
[WhiteTeam "Dortmund SV"]
[BlackTeam "Wattenscheid SV IV"]
[WhiteTeamCountry "GER"]
[BlackTeamCountry "GER"]

1. d4 Nf6 2. c4 e5 3. dxe5 Ng4 4. Nf3 Bc5 5. e3 Nc6 6. Be2 0-0 7. 0-0 Ngxe5 8. Nxe5 Nxe5 9. Nc3 d6 10. b3 a5 11. Na4 Ba7 12. Bb2 Qe7 13. Bd4 Bd7 14. Nc3 Bc6 15. Nd5 Bxd5 16. cxd5 Bxd4 17. Qxd4 Nd7 18. Rac1 Nc5 19. Bf3 Rfe8 20. Rc3 g6 21. Rfc1 b6 22. g3 Ra7 23. Bg2 Qd7 24. h4 Qf5 25. Qd1 Qf6 26. a3 Re7 27. Qg4 Re8 28. Qd4 Qe7 29. Qd1 Qf6 30. R1c2 Qd8 31. b4 axb4 32. axb4 Ne4 33. Rc4 Nf6 34. Qc1 Re7 35. Qb2 Nd7 36. h5 Ne5 37. Rd4 Qf8 38. Qc1 Qa8 39. Qb2 Ra1+ 40. Rc1 Ra2 41. Qb3 Qa3 42. Qd1 Qa7 43. h6 Qa4 44. Qxa4 Rxa4 45. g4 f6 46. Re4 f5 47. gxf5 gxf5 48. Rh4 Nd3 49. Rd1 Rxb4 50. Rh5 Nc5 51. Rxf5 Rh4 52. Rg5+ Kf8 53. Ra1 Rxh6 54. Ra8+ Kf7 55. Rgg8 Nd7 56. Rgc8 Nf6 57. Ra7 Ne8 58. Ra4 Ng7 59. Rc4 Ne8 60. Kf1 Rh2 61. Bf3 Kf6 62. Rf4+ Kg7 63. Rg4+ Kf7 64. Rf4+ Kg7 65. Rg4+ Kf7 1/2-1/2

[Event "Ruhrgebiet Regionalliga 1213"]
[Site "Nordrheinwestfalen"]
[Date "2013.03.17"]
[Round "7.7"]
[White "Kleiner, Tom"]
[Black "Klueting, Reiner"]
[Result "0-1"]
[WhiteElo "1486"]
[BlackElo "1866"]
[PlyCount "86"]
[EventDate "2012.09.09"]
[EventType "team-tourn"]
[EventRounds "9"]
[EventCountry "GER"]
[SourceTitle "EXT 2020"]
[Source "ChessBase"]
[SourceDate "2019.10.17"]
[SourceVersion "1"]
[SourceVersionDate "2019.10.17"]
[SourceQuality "1"]
[WhiteTeam "Recklinghausen Laeufer Ost"]
[BlackTeam "Wattenscheid SV III"]
[WhiteTeamCountry "GER"]
[BlackTeamCountry "GER"]

1. d3 e5 2. g3 d5 3. Bg2 Nf6 4. Nc3 c6 5. e4 Bb4 6. Bd2 0-0 7. Nge2 dxe4 8. Nxe4 Bxd2+ 9. Nxd2 Be6 10. 0-0 Nbd7 11. b4 Qc7 12. a3 Rad8 13. c4 Nb6 14. Qc2 Qd7 15. Nc1 Bh3 16. Rd1 Bxg2 17. Kxg2 Qf5 18. Ne4 Nxe4 19. dxe4 Qg4 20. Nb3 Rxd1 21. Rxd1 Nxc4 22. h3 Nxa3 23. Qd3 Qc8 24. Nc5 Nb5 25. f4 exf4 26. gxf4 b6 27. Nd7 Re8 28. e5 Nc7 29. Qg3 Kh8 30. Qh4 Nd5 31. Nf6 gxf6 32. Rxd5 Rg8+ 33. Kf3 cxd5 34. Qxf6+ Rg7 35. f5 Qc3+ 36. Ke2 Qc4+ 37. Kf3 Qc8 38. e6 fxe6 39. fxe6 Kg8 40. Ke3 Qf8 41. Qe5 Qd8 42. h4 Qc7 43. Qf6 Qc1+ 0-1